Word power : The world book : Obs. Vol.1.:, Language, s.1-194. Vol.2.:, Writing and speaking, s.197-532

Enregistré dans:
Détails bibliographiques
Format: Livre
Langue:anglais
Publié: Chicago : The World Book,Inc, 1991
Édition:1.vyd.
Sujets:
Tags: Ajouter un tag
Pas de tags, Soyez le premier à ajouter un tag!

MARC

LEADER 00000nam a22000003a 4500
001 stu7209
005 20141122101649.6
008 941219s1991----xxu-----------------eng-d
020 |a 0-7166-3238-1 
040 |a STU  |b slo 
041 0 |a eng 
044 |a xxu 
080 |a 802.0(03) 
245 |a Word power :  |b The world book : Obs. Vol.1.:, Language, s.1-194. Vol.2.:, Writing and speaking, s.197-532 
250 |a 1.vyd. 
260 |a Chicago :  |b The World Book,Inc,  |c 1991 
300 |a 2.vol 
650 7 |a angličtina  |2 stusub 
996 |b E79506  |c E*79506  |l EE18  |s P  |a 0  |w stu7209_0001 
996 |b E79507  |c E*79507  |l EE18  |s P  |a 0  |w stu7209_0002